[Event "CAN-ch U18"]
[Site "Quebec"]
[Date "2018.07.03"]
[Round "4.6"]
[White "McGovern, Michael"]
[Black "Puri, Aryan"]
[Result "1-0"]
[WhiteElo "1281"]
[BlackElo "964"]
[PlyCount "97"]
[EventDate "2018.07.02"]
[EventType "swiss"]
[EventRounds "7"]
[EventCountry "CAN"]
[SourceTitle "EXT 2022"]
[Source "ChessBase"]
[SourceDate "2021.10.06"]
[SourceVersion "1"]
[SourceVersionDate "2021.10.06"]
[SourceQuality "1"]

1. e4 e5 2. Nf3 d6 3. d4 Bg4 4. dxe5 Nc6 5. exd6 Qxd6 6. Qxd6 Bxd6 7. Be2 Nf6 8. Nc3 Bb4 9. Bd2 0-0 10. h3 Bh5 11. Nd5 Bxd2+ 12. Nxd2 Nxd5 13. exd5 Bxe2 14. Kxe2 Nd4+ 15. Kd1 Rfe8 16. Nb3 Nxb3 17. axb3 Re5 18. c4 c6 19. dxc6 bxc6 20. Re1 Rd8+ 21. Kc2 Rxe1 22. Rxe1 g6 23. Re7 a5 24. Ra7 Re8 25. Kd2 Rd8+ 26. Ke2 Re8+ 27. Kf1 Rd8 28. Rxa5 Rd2 29. Rc5 Rxb2 30. Rxc6 Rxb3 31. Rc8+ Kg7 32. c5 Kf6 33. g3 Rb2 34. c6 Rc2 35. c7 Ke7 36. Ke1 Kd7 37. Rf8 Ke7 38. c8Q Rxc8 39. Rxc8 f5 40. Rc7+ Kf6 41. Rxh7 Kg5 42. f4+ Kf6 43. g4 g5 44. fxg5+ Kg6 45. Ra7 fxg4 46. hxg4 Kxg5 47. Ra4 Kh4 48. Kf2 Kg5 49. Kg3 1-0